000 00570nam a2200229Ia 4500
003 OSt
005 20220930190351.0
006 a|||||r|||| 00| 0
007 ta
008 220926b |||||||| |||| 00| 0 eng d
024 _a65354
037 _cGeneral Books
040 _aCRL
_cCRL
_beng
041 _2eng
_aeng
082 _aX.73.N5, J81
100 _aKousoulas D. G.
_9558829
245 0 _aKey to economic progress
260 _c1958
650 _aECONOMICS
942 _hX.73.N5, J81
_cGB
_2CC
999 _c892192
_d892192